Normal view
MARC view
- Germany. Heer -- Armored Troops -- Biography
Entry Topical Term
001 - CONTROL NUMBER
- control field: 48927
003 - CONTROL NUMBER IDENTIFIER
- control field: NUST
005 - DATE AND TIME OF LATEST TRANSACTION
- control field: 20210314134208.0
008 - FIXED-LENGTH DATA ELEMENTS
- fixed length control field: 210314|| aca||aabn | a|a d
040 ## - CATALOGING SOURCE
- Original cataloging agency: NUST
- Transcribing agency: NUST
150 ## - HEADING--TOPICAL TERM
- Topical term or geographic name entry element: Germany. Heer -- Armored Troops -- Biography
670 ## - SOURCE DATA FOUND
- Source citation: Work cat.: (NUST): Guderian, Heinz 46242, Panzer Leader, 1953
